| 000 | 00603nam a2200205Ia 4500 | ||
|---|---|---|---|
| 001 | 1753 | ||
| 003 | GE_BSU | ||
| 008 | 181216s||||||||xx |||||||||||||| ||und|| | ||
| 040 | _cGE_BSU | ||
| 080 | _a811.161.1 | ||
| 100 | _aРозенталь,Д.Е. Теленкова,М.А. | ||
| 245 | _aПрактическая стилистика русского языка. | ||
| 260 | _aМосква | ||
| 260 | _bПрогресс | ||
| 260 | _c1972 | ||
| 300 | _a382стр. 20см. | ||
| 541 | _h10л. | ||
| 653 | _aПрактическая стилистика русского языка | ||
| 942 | _cBK | ||
| 999 |
_c35862 _d35862 |
||